Tanzania and Unesco : (Record no. 13881)

MARC details
000 -LEADER
fixed length control field 00699nam a22001932 4500
001 - CONTROL NUMBER
control field 0000023919
005 - DATE AND TIME OF LATEST TRANSACTION
control field 20151217155913.0
008 - FIXED-LENGTH DATA ELEMENTS--GENERAL INFORMATION
fixed length control field 130416s xx 000 0 eng d
040 ## - CATALOGING SOURCE
Original cataloging agency KABU
Transcribing agency KABU
110 2# - MAIN ENTRY--CORPORATE NAME
Corporate name or jurisdiction name as entry element Unesco National Commission of The United Republic of Tanzania.
-- 0000183710
245 10 - TITLE STATEMENT
Title Tanzania and Unesco :
Remainder of title information magazine no. 7 / 2010-2011 /
Statement of responsibility, etc. Unesco National Commission of The United Republic of Tanzania.
250 ## - EDITION STATEMENT
Edition statement 1st ed.
260 ## - PUBLICATION, DISTRIBUTION, ETC. (IMPRINT)
Place of publication, distribution, etc. Dar es Salaam :
Name of publisher, distributor, etc. ministry of Education,
Date of publication, distribution, etc. 2012.
300 ## - PHYSICAL DESCRIPTION
Extent 256 p.
610 20 - SUBJECT ADDED ENTRY--CORPORATE NAME
Corporate name or jurisdiction name as entry element Tanzania
General subdivision Economic conditions.
-- 0000183711
908 ## - PUT COMMAND PARAMETER (RLIN)
Put command parameter 130416
950 ## - LOCAL HOLDINGS (RLIN)
-- 1
Holdings
Withdrawn status Lost status Source of classification or shelving scheme Not for loan Home library Current library Date acquired Total Checkouts Full call number Barcode Date last seen Price effective from Koha item type
    Library of Congress Classification   Kabarak, Main Campus Kabarak, Main Campus 17/12/2015   HC885 .U54 2012 c. 1 015021 17/12/2015 17/12/2015 Africana Collection
Designed with assistance from East African Informatics Ltd